[Event "Mutxamel 6th"]
[Site "Mutxamel"]
[Date "2024.08.23"]
[Round "8"]
[White "Galiana Fernandez, Adrian"]
[Black "Anguera Staina, Maxim"]
[Result "1/2-1/2"]
[WhiteElo "2356"]
[BlackElo "2211"]
[PlyCount "77"]
[EventDate "2024.08.19"]
[EventType "tourn"]
[EventRounds "9"]
[EventCountry "ESP"]
[EventCategory "2"]
[SourceTitle "CBM 221 Extra"]
[Source "ChessBase"]
[SourceDate "2024.09.30"]
[SourceVersion "1"]
[SourceVersionDate "2024.09.30"]
[SourceQuality "1"]

1. e4 e6 2. d4 d5 3. Nc3 Nf6 4. e5 Ne4 5. Nxe4 dxe4 6. Bc4 Qd7 7. Ne2 c5 8. c3 Nc6 9. a4 cxd4 10. cxd4 Bb4+ 11. Bd2 Bxd2+ 12. Qxd2 0-0 13. Rd1 b6 14. Nc3 Bb7 15. Nxe4 Ne7 16. Bb5 Qd8 17. f3 a6 18. Be2 Bc6 19. Nd6 Nc8 20. Nxc8 Qxc8 21. b3 b5 22. a5 Qd7 23. 0-0 Bd5 24. b4 Rac8 25. Rc1 Bc4 26. Bxc4 bxc4 27. Qc3 Rfd8 28. Rfd1 Qb5 29. Rd2 Qd5 30. Kf2 Rd7 31. Ke3 f6 32. exf6 gxf6 33. Rcc2 h5 34. Kf2 Kf7 35. Kg1 Qd6 36. Rc1 Rb8 37. Qxc4 Rxb4 38. Qc2 Kg7 39. Kf2 1/2-1/2

[Event "Mutxamel 6th"]
[Site "Mutxamel"]
[Date "2024.08.21"]
[Round "4"]
[White "Horcajuelo Rocamora, Martin"]
[Black "Anguera Staina, Maxim"]
[Result "1-0"]
[WhiteElo "2295"]
[BlackElo "2211"]
[PlyCount "65"]
[EventDate "2024.08.19"]
[EventType "tourn"]
[EventRounds "9"]
[EventCountry "ESP"]
[EventCategory "2"]
[SourceTitle "CBM 221 Extra"]
[Source "ChessBase"]
[SourceDate "2024.09.30"]
[SourceVersion "1"]
[SourceVersionDate "2024.09.30"]
[SourceQuality "1"]

1. d4 Nf6 2. c4 g6 3. Nc3 Bg7 4. e4 d6 5. Be2 0-0 6. h3 c5 7. Nf3 cxd4 8. Nxd4 b6 9. f4 Bb7 10. Bf3 Nbd7 11. e5 Bxf3 12. Qxf3 dxe5 13. Nc6 e4 14. Nxe4 Qc7 15. Nc3 Nc5 16. 0-0 Rac8 17. Ne5 Nfd7 18. Ng4 f5 19. Ne3 Bxc3 20. bxc3 e6 21. Ba3 Nf6 22. Rad1 Rfd8 23. Rd4 Nce4 24. Rc1 Nh5 25. Rxe4 fxe4 26. Qxe4 Nxf4 27. Ng4 Qxc4 28. Qe5 Ne2+ 29. Kh1 h5 30. Nf6+ Kf7 31. Nxh5 gxh5 32. Rf1+ Ke8 33. Rf8+ 1-0

[Event "Llinars del Valles op 4th"]
[Site "Llinars del Valles"]
[Date "2024.07.03"]
[Round "9"]
[White "Utsab, Chatterjee"]
[Black "Anguera Staina, Maxim"]
[Result "0-1"]
[WhiteElo "2287"]
[BlackElo "2128"]
[PlyCount "92"]
[EventDate "2024.06.25"]
[EventType "swiss"]
[EventRounds "9"]
[EventCountry "ESP"]
[SourceTitle "CBM 221 Extra"]
[Source "ChessBase"]
[SourceDate "2024.09.30"]
[SourceVersion "1"]
[SourceVersionDate "2024.09.30"]
[SourceQuality "1"]

1. e4 e6 2. d4 d5 3. Nd2 c5 4. exd5 exd5 5. Ngf3 Nf6 6. Bb5+ Bd7 7. Qe2+ Be7 8. Ne5 0-0 9. Nxd7 Nbxd7 10. 0-0 a6 11. Bxd7 Qxd7 12. dxc5 Bxc5 13. Nb3 Bb6 14. c3 Rfe8 15. Qd3 Ng4 16. Bf4 Re4 17. Bg3 Rae8 18. Rad1 Ne3 19. fxe3 Rxe3 20. Qb1 Rxg3+ 21. Nd4 Rg4 22. Rd2 Ree4 23. Qd1 g6 24. h3 Rg5 25. Kh1 Bc7 26. Nf3 Rh5 27. Re1 Rf4 28. Re3 Qf5 29. Red3 Qe4 30. Rd4 Qe3 31. R4d3 Qe6 32. Rf2 Qd7 33. Rfd2 Qf5 34. Rd4 Qe4 35. R4d3 Qe6 36. b3 Rhf5 37. Rf2 Re4 38. g4 Rfe5 39. Kg2 Bb6 40. Nxe5 Bxf2 41. Rxd5 Bh4 42. Nf3 Re2+ 43. Kh1 Qe3 44. Rd3 Qe4 45. Kg1 Bg5 46. Kf1 Rxa2 0-1

[Event "Llinars del Valles op 4th"]
[Site "Llinars del Valles"]
[Date "2024.07.02"]
[Round "8"]
[White "Anguera Staina, Maxim"]
[Black "Munoz Pantoja, Miguel Angel"]
[Result "1/2-1/2"]
[WhiteElo "2128"]
[BlackElo "2364"]
[PlyCount "27"]
[EventDate "2024.06.25"]
[EventType "swiss"]
[EventRounds "9"]
[EventCountry "ESP"]
[SourceTitle "CBM 221 Extra"]
[Source "ChessBase"]
[SourceDate "2024.09.30"]
[SourceVersion "1"]
[SourceVersionDate "2024.09.30"]
[SourceQuality "1"]

1. c4 Nf6 2. Nc3 c5 3. g3 e6 4. Nf3 d5 5. cxd5 exd5 6. d4 Nc6 7. Bg2 cxd4 8. Nxd4 Bc5 9. Nb3 Bb6 10. Na4 0-0 11. Nxb6 Qxb6 12. Bxd5 h6 13. Be3 Qa6 14. Nd4 1/2-1/2